000
00312nam a22001337a 4500
008
181010b xxu||||| |||| 00| 0 eng d
020
_a
9780721660486
041
_a
eng
080
_a
610
100
_a
4
101
_a
SHM
245
_a
Health Professional and Patient Interaction
_c
Purtilo, R
942
_2
udc
_c
BK
999
_c
49315
_d
49315